| 000 | 00569nam a22001937a 4500 | ||
|---|---|---|---|
| 001 | T027600001276 | ||
| 008 | 181111b xve|||||r|||| 00| | esp d | ||
| 020 | _a968-24-0415-0 | ||
| 099 |
_a300 _bM3852 _cCota Rep. 1 |
||
| 100 | _aMartínez Miguélez, Miguel. | ||
| 245 | _aEl paradigma emergente. Hacia una nueva teoría de la racionalidad científica. | ||
| 260 | _a1997 | ||
| 300 | _a263 | ||
| 500 | _a | ||
| 650 | _aEl pensamiento a la luz de la neurociencia. | ||
| 650 | _aDinámica de la inercia mental. | ||
| 650 | _aNaturaleza y dinámica. | ||
| 942 | _cLIB | ||
| 999 |
_c2452 _d2452 |
||